| 000 | 00773cam a22002771 4500 | ||
|---|---|---|---|
| 001 | 9842125 | ||
| 003 | OSt | ||
| 005 | 20211105160903.0 | ||
| 008 | 950414s1962 xx a 000 0 eng | ||
| 010 | _asa 62000803 | ||
| 020 | _a9788185594927 | ||
| 035 | _a(OCoLC)32303937 | ||
| 038 | _aKhadija | ||
| 040 |
_aDLC _cNcD _dDLC |
||
| 050 | 0 | 0 |
_aTJ230 _b.P23 |
| 082 |
_a621.815 _bPAN |
||
| 100 | 1 |
_aPandya, Navinchandra Chimanial. _983689 |
|
| 245 | 1 | 0 |
_aMachine Design / _cby N.C. Pandya and C. S. Shah. |
| 260 |
_aTulsi Sadan, Anand, _bCharotar Book Stall, _c2009. |
||
| 300 |
_a686 p. _billus. _c22 cm. |
||
| 563 | _aPB | ||
| 650 | 0 |
_aMachine design. _918984 |
|
| 700 | 1 |
_aShah, C. S. _983690 |
|
| 906 |
_a7 _bcbc _coclcrpl _du _encip _f19 _gy-gencatlg |
||
| 942 |
_2ddc _cBK |
||
| 999 |
_c32820 _d32820 |
||